000 01492cad a2200265 4500
001 L158717
008 110215n2013 000 0 eng u
020 _a9781783210305
035 _a(Sirsi) u158717
041 _aeng
100 1 _aSmith, Melanie
111 2 _aConstruction and Building Research Conference
_cIIT Delhi, New Delhi
_d10-12 September 2013
245 0 0 _aComparison of moisture survey and U-values for a UK 220mm solid brick wall
_h[electronic resource]
260 _aLondon
_bRICS
_c2013
490 0 _aCOBRA
_v2013
520 _aA paper presented at the COBRA Conference in New Delhi on 10-12 September 2013. Looks at energy reduction in relation to the traditional solid brick construction of UK housing. The aim is to add to the understanding of relationships between moisture readings and U-values, by comparing normal surveying moisture survey results and U-value measurements. The analyses show periods of saturation and patterns of initial drying. The measured U-values of the walls at different moisture readings are presented. Findings were that the U-values increased with above 20% wme moisture readings and with NE over SE orientation, but that they were generally lower than published.
650 2 4 _aCONSTRUCTION AND BUILDING RESEARCH CONFERENCE (COBRA)
650 2 4 _aSOLID WALLS
650 2 4 _aBRICK CONSTRUCTION
650 2 4 _aENERGY REDUCTION
650 2 4 _aU-VALUES
651 4 _aUnited Kingdom
_y
690 _aEnergy
_96237
942 _n0
999 _c115473
_d115473